HOPE - NF - Statistics

General Stats
  • This quiz has been taken 31 times
  • The average score is 9 of 13
Answer Stats
Songs Plays Artists % Correct
HOPE 103,581,532 NF
100%
MOTTO 103,581,532 NF
87%
CAREFUL 85,454,868 NF, Cordae
78%
HAPPY 205,093,134 NF
78%
MAMA 31,609,485 NF
78%
GONE 65,764,632 NF, Julia Michaels
74%
PANDEMONIUM 45,801,051 NF
70%
RUNNING 110,748,992 NF
70%
TURN MY BACK 23,409,540 NF
65%
LET EM PRAY 30,095,247 NF
57%
SUFFICE 28,921,687 NF
57%
BULLET 34,277,902 NF
52%
MISTAKE 73,925,667 NF
52%
No matching quizzes found
Score Distribution
Percent of People with Each Score
Percentile by Number Answered
Your Score History
You have not taken this quiz